|
|
|
|
| LEADER |
01249nam a2200265 a 4500 |
| 001 |
GR-Patra8770 |
| 003 |
GR-PaULI |
| 005 |
20220114121743.0 |
| 008 |
991022s1977 gr 000 0 gre|c |
| 952 |
|
|
|0 0
|1 0
|2 ddc
|4 0
|6 150_190000000000000_KOE
|7 0
|9 354364
|a LISP
|b LISP
|c DON
|d 2022-01-14
|e ΠΑΤ
|i 146828
|l 0
|o 150.19 KOE
|p 025000273268
|r 2022-01-14 00:00:00
|t 1
|w 2022-01-14
|y BKN
|
| 999 |
|
|
|c 207760
|d 207760
|
| 040 |
|
|
|a GR-PaULI
|b gre
|c GR-PaULI
|e AACR2
|
| 082 |
0 |
4 |
|2 23
|a 150.19
|
| 100 |
1 |
|
|a Koestler, Arthur,
|d 1905-1983.
|e συγγραφέας.
|
| 245 |
1 |
0 |
|a Ένα φάντασμα στη μηχανή /
|c Άρθουρ Κάϊσλερ ; μετάφραση Ιωάννας Δ. Χατζηνικολή.
|
| 260 |
|
|
|a Αθήνα :
|b Χατζηνικολή,
|c 1977.
|
| 300 |
|
|
|a 268 σ. ;
|c 25 εκ.
|
| 500 |
|
|
|a Τίτλος πρωτοτύπου : The ghost in the machine.
|
| 504 |
|
|
|a Περιλαμβάνει βιβλιογραφία.
|
| 650 |
|
4 |
|a Γενετική ψυχολογία
|9 42133
|
| 650 |
|
4 |
|a Εξελικτική ψυχολογία
|9 4986
|
| 700 |
1 |
|
|a Χατζηνικολή, Ιωάννα Δ.
|e μεταφράστρια.
|
| 765 |
|
|
|i Μετάφραση του:
|t The ghost in the machine.
|
| 942 |
|
|
|2 ddc
|c BKN
|
| 998 |
|
|
|c ΜΠΟΥΡΑΣ
|d 2022-01
|